Logo BPK

Biblioteka

Politechniki Koszalińskiej

Das Wirken der Götter in der Ilias : (Rekord nr 50478)

Szczegóły MARC
000 -ETYKIETA REKORDU
podpole kontrolne o stałej długości 00750nam a2200205 i 4500
001 - NUMER KONTROLNY REKORDU
pole kontrolne bgj
040 ## - ŹRÓDŁO KATALOGOWANIA
Instytucja, która utworzyła rekord BPK
041 0# - KOD JĘZYKA
Kod języka tekstu ger
044 ## - KOD KRAJU WYDAWCY/PRODUCENTA
Kod kraju wydawcy/producenta DEU
080 ## - UNIWERSALNA KLASYFIKACJA DZIESIĘTNA - UKD
UKD 255.2-264
008 - POLE O STAŁEJ DŁUGOŚCI - DANE KONTROLNE
podpole kontrolne o stałej długości s gw f |000 0 ger
100 1# - NAZWA OSOBOWA
Nazwa osobowa KULLMANN, Wolfgang.
245 10 - TYTUŁ/ODPOWIEDZIALNOŚĆ
Tytuł Das Wirken der Götter in der Ilias :
Ciąg dalszy tytułu Untersuchungen zur Frage der Entstehung des Homerischen "Götterapparats" /
Pozostałe elementy strefy tytułu i oznaczenia odpowiedzialności Wolfgang Kullmann.
260 ## - STREFA ADRESU WYDAWNICZEGO
Miejsce wydania Berlin :
Nazwa wydawcy/dystrybutora Akademie-Verlag,
Data publikacji, dystrybucji/powstania dokumentu 1956.
300 ## - STREFA OPISU FIZYCZNEGO
Objętość 161 s. ;
Rozmiary 24 cm.
490 1# - STREFA SERII I DOKUMENTU WIELOCZĘŚCIOWEGO - FORMA NIE DO WYSZUKIWANIA
Tytuł i oznaczenie odpowiedzialności serii Deutsche Akademie der Wissenschaften zu Berlin
-- Schriften der Sektion für Altertumwissenschaft
Numeracja w obrębie serii 1
504 ## - UWAGA DOTYCZĄCA BIBLIOGRAFII
Informacje o bibliografii Indeks.
830 ## - HASŁO DODATKOWE SERII LUB DOKUMENTU WIELOCZĘŚCIOWEGO - TYTUŁ UJEDNOLICONY
Tytuł ujednolicony Deutsche Akademie der Wissenschaften zu Berlin
Nazwa części/sekcji dzieła Schriften der Sektion für Altertumwissenschaft
856 ## - LOKALIZACJA I DOSTĘP DO ELEKTRONICZNYCH DOKUMENTÓW ZDALNYCH
Link (URL) http://koha.tu.koszalin.pl/cgi-bin/koha/opac-detail.pl?biblionumber=50478
Tekst linku Katalog online BPK
942 ## - DODATKOWE ELEMENTY (KOHA)
Typ dokumentu Książka
Egzemplarze
Wycofany Status egzemplarza Uszkodzony Dostępność Lokalizacja stała Lokalizacja bieżąca Miejsce przechowywania Sygnatura Kod kreskowy Typ dokumentu
      Dostępny Biblioteka Politechniki Koszalińskiej Biblioteka Politechniki Koszalińskiej Wypożyczalnia Językowa N 397 02436104 Książka
© 2023 Biblioteka Politechniki Koszalińskiej :: KOHA